[Event "World Corporate East F"]
[Site "Chess.com INT"]
[Date "2021.02.20"]
[Round "6.3"]
[White "Maric, Viktor"]
[Black "Misanovic, Vesna"]
[Result "0-1"]
[WhiteElo "2285"]
[BlackElo "2231"]
[PlyCount "120"]
[EventDate "2021.02.19"]
[EventType "team (rapid)"]
[EventRounds "7"]
[EventCountry "USA"]
[SourceTitle "EXT 2022"]
[Source "ChessBase"]
[SourceDate "2021.10.06"]
[SourceVersion "1"]
[SourceVersionDate "2021.10.06"]
[SourceQuality "1"]
[WhiteTeam "The Hague European Patent Office"]
[BlackTeam "Bosch"]
[WhiteTeamCountry "NED"]
[BlackTeamCountry "GER"]

1. e4 e5 2. Nf3 Nc6 3. Bc4 Nf6 4. d3 h6 5. Nbd2 d6 6. 0-0 Be7 7. c3 0-0 8. h3 Be6 9. Bxe6 fxe6 10. Qb3 Qc8 11. d4 exd4 12. cxd4 Kh8 13. Nh4 Kh7 14. Qd3 e5 15. Ndf3 Nd7 16. Nf5 Bf6 17. Qd2 Nxd4 18. N3xd4 exd4 19. Nxd4 Nc5 20. f3 Qe8 21. Rb1 Qe5 22. Nf5 Rad8 23. b4 Ne6 24. Bb2 Qf4 25. Qd5 Bxb2 26. Rxb2 Rf6 27. Rc2 c6 28. Qd2 g6 29. Qxf4 Nxf4 30. Nd4 Rd7 31. Rd1 a6 32. Kh2 Re7 33. g3 Ne6 34. Nxe6 Rexe6 35. Kg2 g5 36. Rcd2 Kg6 37. Rd3 Kf7 38. a3 Ke7 39. a4 Re5 40. Rb3 Kd7 41. Rbd3 Kc7 42. Kf2 Rxe4 43. Rd4 Rxd4 44. Rxd4 c5 45. bxc5 dxc5 46. Rc4 Kc6 47. Ke3 b5 48. axb5+ axb5 49. Re4 b4 50. Kd3 Rxf3+ 51. Kc2 Rxg3 52. Re6+ Kb5 53. Rxh6 c4 54. Rf6 Rg2+ 55. Kb1 b3 56. Rf5+ Kb4 57. Re5 c3 58. Re4+ Ka3 59. Re1 c2+ 60. Ka1 b2# 0-1

[Event "BL 1920 (Women)"]
[Site "Germany"]
[Date "2020.02.01"]
[Round "5.5"]
[White "Stockova, Zuzana"]
[Black "Misanovic, Vesna"]
[Result "1-0"]
[WhiteElo "2294"]
[BlackElo "2248"]
[PlyCount "147"]
[EventDate "2019.09.14"]
[EventType "team-tourn"]
[EventRounds "11"]
[EventCountry "GER"]
[SourceTitle "CBM 195 Extra"]
[Source "ChessBase"]
[SourceDate "2020.05.31"]
[SourceVersion "1"]
[SourceVersionDate "2020.05.31"]
[SourceQuality "1"]
[WhiteTeam "Rodewisch (W)"]
[BlackTeam "Deizisau (W)"]
[WhiteTeamCountry "GER"]
[BlackTeamCountry "GER"]

1. e4 e5 2. Bc4 Nf6 3. d3 Bc5 4. Nc3 c6 5. Qf3 b5 6. Bb3 d6 7. h3 a5 8. a4 b4 9. Nd1 Be6 10. Ne2 Nbd7 11. Ne3 Bxb3 12. cxb3 g6 13. 0-0 0-0 14. Ng3 Bd4 15. Nc2 Bb6 16. Bg5 Qe7 17. Rad1 Rac8 18. Kh1 Qe6 19. Ne3 Kh8 20. Nc4 Bc7 21. d4 Ng8 22. d5 cxd5 23. exd5 Qe8 24. Ne4 f6 25. Be3 Qe7 26. Qe2 Rfe8 27. f3 f5 28. Bg5 Qf8 29. Nf2 h6 30. Bc1 Nc5 31. Qc2 Nf6 32. Nd3 Ncd7 33. Qf2 Kh7 34. Qh4 Qg7 35. Qf2 Re7 36. Qa7 e4 37. Nf4 Nc5 38. Be3 Bd8 39. Ne6 Nxe6 40. Qa6 Rxc4 41. bxc4 f4 42. Bc1 e3 43. Rfe1 Bc7 44. dxe6 Rxe6 45. b3 Nd7 46. Qc8 Nc5 47. Bb2 Qxb2 48. Qxc7+ Qg7 49. Qxa5 e2 50. Rb1 Qc3 51. Qc7+ Kg8 52. a5 Nd3 53. a6 Nxe1 54. a7 Re8 55. Qc6 Kf7 56. Qxe8+ Kxe8 57. a8Q+ Kd7 58. Qa7+ Kc6 59. Qf2 Nd3 60. Qxe2 Nc5 61. Qe8+ Kc7 62. Qf7+ Kb6 63. Qxg6 Qd2 64. Qf6 Nxb3 65. Qd8+ Kc6 66. Qc8+ Kb6 67. Qb8+ Kc6 68. Qb5+ Kc7 69. Qa4 Nd4 70. Qa5+ Kc6 71. Qd5+ Kc7 72. Ra1 b3 73. Qf7+ Kb6 74. Qa7+ 1-0

[Event "BL 1819 (Women)"]
[Site "Germany"]
[Date "2019.03.03"]
[Round "11.4"]
[White "Misanovic, Vesna"]
[Black "Heinatz, Gundula"]
[Result "1-0"]
[WhiteElo "2273"]
[BlackElo "2172"]
[PlyCount "109"]
[EventDate "2018.10.27"]
[EventType "team-tourn"]
[EventRounds "11"]
[EventCountry "GER"]
[SourceTitle "CBM 189 Extra"]
[Source "ChessBase"]
[SourceDate "2019.06.03"]
[SourceVersion "1"]
[SourceVersionDate "2019.06.03"]
[SourceQuality "1"]
[WhiteTeam "Deizisau (W)"]
[BlackTeam "Karlsruhe (W)"]
[WhiteTeamCountry "GER"]
[BlackTeamCountry "GER"]

1. e4 g6 2. d4 Bg7 3. Bc4 d6 4. Ne2 Nf6 5. f3 d5 6. exd5 Nxd5 7. 0-0 0-0 8. Bb3 c6 9. c4 Nc7 10. Nbc3 Nd7 11. Bg5 Ne6 12. Be3 a5 13. Qd2 c5 14. d5 Nc7 15. Rad1 Ne8 16. Bc2 Nd6 17. b3 a4 18. Nxa4 Rxa4 19. bxa4 Nxc4 20. Qd3 Nb2 21. Qb3 Nxd1 22. Rxd1 Qc7 23. Qb5 Be5 24. h3 Qd6 25. f4 Bg7 26. a5 Bh6 27. Bb3 Rd8 28. Kh1 Kf8 29. Rc1 Kg8 30. Rc4 Qxd5 31. Rxc5 Qe4 32. Rxc8 Rxc8 33. Qxd7 Rf8 34. Qd4 Qb1+ 35. Kh2 Bg7 36. Qd5 Qe1 37. Qd2 Qa1 38. Bc5 Bf6 39. Qe3 Qe1 40. Ng3 Qxe3 41. Bxe3 Ra8 42. Bd2 Rd8 43. Ne4 Bd4 44. Bb4 Kg7 45. Nc5 Rb8 46. Bd5 e6 47. Bf3 Be3 48. Kg3 h5 49. h4 Rc8 50. Nxb7 Rc4 51. Bd6 Ra4 52. a3 Bc1 53. Bd1 Rc4 54. a6 Be3 55. Bb8 1-0

[Event "BL 1819 (Women)"]
[Site "Germany"]
[Date "2019.03.02"]
[Round "10.5"]
[White "Misanovic, Vesna"]
[Black "Arakhamia Grant, Ketevan"]
[Result "1/2-1/2"]
[WhiteElo "2273"]
[BlackElo "2345"]
[PlyCount "41"]
[EventDate "2018.10.27"]
[EventType "team-tourn"]
[EventRounds "11"]
[EventCountry "GER"]
[SourceTitle "CBM 189 Extra"]
[Source "ChessBase"]
[SourceDate "2019.06.03"]
[SourceVersion "1"]
[SourceVersionDate "2019.06.03"]
[SourceQuality "1"]
[WhiteTeam "Deizisau (W)"]
[BlackTeam "Baden-Baden (W)"]
[WhiteTeamCountry "GER"]
[BlackTeamCountry "GER"]

1. d4 Nf6 2. c4 g6 3. Nc3 Bg7 4. e4 d6 5. Bd3 0-0 6. Nge2 Nc6 7. 0-0 e5 8. d5 Nd4 9. Nxd4 exd4 10. Nb5 Re8 11. Nxd4 Nxe4 12. Bc2 Bd7 13. Rb1 Qh4 14. Nf3 Qh5 15. Ba4 b5 16. Bxb5 Bxb5 17. cxb5 Nf6 18. Bg5 Ne4 19. Be3 Nf6 20. Bg5 Ne4 21. Be3 1/2-1/2

[Event "BL 1819 (Women)"]
[Site "Germany"]
[Date "2019.01.13"]
[Round "6.4"]
[White "Misanovic, Vesna"]
[Black "Goehler, Antje"]
[Result "1/2-1/2"]
[WhiteElo "2273"]
[BlackElo "2095"]
[PlyCount "101"]
[EventDate "2018.10.27"]
[EventType "team-tourn"]
[EventRounds "11"]
[EventCountry "GER"]
[SourceTitle "CBM 188 Extra"]
[Source "ChessBase"]
[SourceDate "2019.02.26"]
[SourceVersion "1"]
[SourceVersionDate "2019.02.26"]
[SourceQuality "1"]
[WhiteTeam "Deizisau (W)"]
[BlackTeam "Pankow Rotation (W)"]
[WhiteTeamCountry "GER"]
[BlackTeamCountry "GER"]

1. d4 d5 2. Bf4 e6 3. Nf3 Nf6 4. e3 Be7 5. h3 0-0 6. Bd3 c5 7. c3 Nc6 8. Nbd2 b6 9. 0-0 Bb7 10. Qe2 Nh5 11. Bh2 g6 12. dxc5 bxc5 13. e4 Ng7 14. Rfd1 f5 15. exd5 exd5 16. Ba6 Bxa6 17. Qxa6 Qc8 18. Qa4 Rd8 19. Ne5 Nxe5 20. Bxe5 Qd7 21. Qb3 Rac8 22. Nf3 Ne6 23. Rd2 Ng5 24. Nxg5 Bxg5 25. f4 Be7 26. Rad1 c4 27. Qc2 Qc6 28. b4 a5 29. a3 Ra8 30. Qb2 Qb5 31. Kh1 Ra7 32. g4 fxg4 33. hxg4 Rad7 34. f5 d4 35. Bxd4 Qd5+ 36. Rg2 Qf3 37. Qe2 Qxe2 38. Rxe2 axb4 39. axb4 Bf6 40. Re4 Bxd4 41. Rexd4 Rxd4 42. cxd4 gxf5 43. gxf5 Rd5 44. Kg2 Rxf5 45. Rc1 Kf7 46. Rxc4 Ke6 47. Rc6+ Kd7 48. Rh6 Rf4 49. Rxh7+ Kc6 50. Rh6+ Kc7 51. Rh7+ 1/2-1/2

[Event "BL 1819 (Women)"]
[Site "Germany"]
[Date "2018.10.27"]
[Round "1.4"]
[White "Misanovic, Vesna"]
[Black "Waechter, Nathalie"]
[Result "0-1"]
[WhiteElo "2273"]
[BlackElo "1990"]
[PlyCount "52"]
[EventDate "2018.10.27"]
[EventType "team-tourn"]
[EventRounds "11"]
[EventCountry "GER"]
[SourceTitle "CBM 188 Extra"]
[Source "ChessBase"]
[SourceDate "2019.02.26"]
[SourceVersion "1"]
[SourceVersionDate "2019.02.26"]
[SourceQuality "1"]
[WhiteTeam "Deizisau (W)"]
[BlackTeam "Harksheide (W)"]
[WhiteTeamCountry "GER"]
[BlackTeamCountry "GER"]

1. d4 d5 2. Nf3 Nf6 3. e3 Bf5 4. c4 e6 5. Qb3 b6 6. Ne5 c6 7. Nd2 Bd6 8. Be2 Bxe5 9. dxe5 Nfd7 10. cxd5 exd5 11. f4 Nc5 12. Qa3 Qh4+ 13. g3 Qh3 14. Bf1 Qg4 15. b4 Ne4 16. Bg2 h5 17. Nxe4 Bxe4 18. Bxe4 dxe4 19. Qb2 Na6 20. a3 h4 21. Qc2 Rh6 22. Qxe4 hxg3 23. Rg1 Rd8 24. Bb2 Rxh2 25. Qxc6+ Kf8 26. Rg2 Rh1+ 0-1

[Event "BL 1718 (Women)"]
[Site "Germany"]
[Date "2018.02.18"]
[Round "9.3"]
[White "Misanovic, Vesna"]
[Black "Theissl Pokorna, Regina"]
[Result "0-1"]
[WhiteElo "2280"]
[BlackElo "2323"]
[PlyCount "138"]
[EventDate "2017.10.01"]
[EventType "team-tourn"]
[EventRounds "11"]
[EventCountry "GER"]
[SourceTitle "EXT 2019"]
[Source "ChessBase"]
[SourceDate "2018.10.10"]
[SourceVersion "1"]
[SourceVersionDate "2018.10.10"]
[SourceQuality "1"]
[WhiteTeam "Deizisau (W)"]
[BlackTeam "Rodewisch (W)"]
[WhiteTeamCountry "GER"]
[BlackTeamCountry "GER"]

1. d4 Nf6 2. c4 e6 3. Nc3 Bb4 4. Bg5 c5 5. d5 d6 6. e3 exd5 7. cxd5 Nbd7 8. Bb5 h6 9. Bh4 Bxc3+ 10. bxc3 Qa5 11. Bxd7+ Nxd7 12. Ne2 0-0 13. Be7 Re8 14. Bxd6 Nf6 15. 0-0 Rd8 16. Be7 Rxd5 17. Qb3 Rd2 18. Rfd1 c4 19. Qb1 Bf5 20. Qxb7 Be4 21. Qxa8+ Bxa8 22. Rxd2 Nd5 23. Rad1 Nxe7 24. Rd8+ Kh7 25. Rxa8 Qxa2 26. Ng3 Nc6 27. f4 a5 28. Ra6 Qb3 29. Rd6 Qxc3 30. Rdxc6 Qxe3+ 31. Kf1 Qxf4+ 32. Ke2 Qe5+ 33. Kf3 Qd5+ 34. Kf2 a4 35. Nf1 Qf5+ 36. Kg1 Qe4 37. Kf2 Qf4+ 38. Ke2 Qg4+ 39. Kf2 Qf5+ 40. Ke2 Qb5 41. Rcb6 Qh5+ 42. Ke1 Qc5 43. Rc6 Qd4 44. Ke2 Qb2+ 45. Kf3 a3 46. Rxc4 Qb7+ 47. Rcc6 a2 48. Rxa2 Qxc6+ 49. Kf2 Qc5+ 50. Ne3 f5 51. Rc2 Qe5 52. Nf1 Qd4+ 53. Ke1 f4 54. Rd2 Qc5 55. Re2 g5 56. h3 Kg6 57. Nd2 h5 58. Nf3 g4 59. hxg4 hxg4 60. Ne5+ Kf5 61. Nd3 Qg1+ 62. Kd2 f3 63. Rf2 Qxg2 64. Ke1 Qg1+ 65. Kd2 Ke4 66. Nc5+ Kf4 67. Nd3+ Kg3 68. Ke3 Qb1 69. Rb2 Qxb2 0-1

[Event "BL 1718 (Women)"]
[Site "Germany"]
[Date "2017.11.19"]
[Round "3.4"]
[White "Misanovic, Vesna"]
[Black "Melamed, Tatiana"]
[Result "0-1"]
[WhiteElo "2280"]
[BlackElo "2326"]
[PlyCount "70"]
[EventDate "2017.10.01"]
[EventType "team-tourn"]
[EventRounds "11"]
[EventCountry "GER"]
[SourceTitle "EXT 2019"]
[Source "ChessBase"]
[SourceDate "2018.10.10"]
[SourceVersion "1"]
[SourceVersionDate "2018.10.10"]
[SourceQuality "1"]
[WhiteTeam "Deizisau (W)"]
[BlackTeam "Bad Koenigshofen (W)"]
[WhiteTeamCountry "GER"]
[BlackTeamCountry "GER"]

1. d4 Nf6 2. c4 e6 3. Nc3 Bb4 4. e3 0-0 5. Bd3 d5 6. cxd5 exd5 7. Nge2 c6 8. 0-0 Nbd7 9. Bd2 Re8 10. Rc1 Bd6 11. f3 c5 12. Nb5 Bf8 13. dxc5 Bxc5 14. Nbd4 Bb6 15. Bb1 Ne5 16. b3 Bd7 17. Be1 Nc6 18. Bf2 Qe7 19. Kh1 Rac8 20. Qd3 Qe5 21. Rcd1 Bc7 22. Ng3 g6 23. Rg1 Nxd4 24. exd4 Qf4 25. Qd2 Bb5 26. Qxf4 Bxf4 27. Rge1 h5 28. Kg1 h4 29. Nf1 Be2 30. Bxh4 Bxd1 31. Rxd1 g5 32. Bf2 Re2 33. g3 Rc1 34. Rxc1 Bxc1 35. h4 g4 0-1

[Event "Bodensee-Cup"]
[Site "Bregenz"]
[Date "2016.04.23"]
[Round "2.8"]
[White "Novkovic, Julia"]
[Black "Misanovic, Vesna"]
[Result "0-1"]
[WhiteElo "2146"]
[BlackElo "2287"]
[PlyCount "55"]
[EventDate "2016.04.22"]
[EventType "team-tourn"]
[EventRounds "3"]
[EventCountry "AUT"]
[SourceTitle "EXT 2018"]
[Source "ChessBase"]
[SourceDate "2017.10.13"]
[SourceVersion "1"]
[SourceVersionDate "2017.10.13"]
[SourceQuality "1"]
[WhiteTeam "Vorarlberg"]
[BlackTeam "Wuerttemberg"]
[WhiteTeamCountry "AUT"]
[BlackTeamCountry "GER"]

1. e4 e5 2. Nf3 Nc6 3. Bc4 Nf6 4. d4 exd4 5. e5 d5 6. Bb5 Ne4 7. Nxd4 Bd7 8. Bxc6 bxc6 9. 0-0 g6 10. f3 Ng5 11. Nb3 Bg7 12. Nc3 Ne6 13. f4 0-0 14. f5 gxf5 15. Rxf5 f6 16. exf6 Rxf6 17. Qf3 Rxf5 18. Qxf5 Qe7 19. Qf2 Rf8 20. Qe2 Qh4 21. g3 Qh3 22. Qg2 Nd4 23. Bf4 Qh5 24. Rd1 Nxb3 25. Re1 Bh3 26. Qe2 Qxe2 27. Nxe2 Nd4 28. c4 0-1

[Event "BL 1516 (Women)"]
[Site "Germany"]
[Date "2016.02.27"]
[Round "8.4"]
[White "Misanovic, Vesna"]
[Black "Schoene, Maria"]
[Result "1-0"]
[WhiteElo "2282"]
[BlackElo "2278"]
[PlyCount "83"]
[EventDate "2015.09.26"]
[EventType "team-tourn"]
[EventRounds "11"]
[EventCountry "GER"]
[SourceTitle "EXT 2018"]
[Source "ChessBase"]
[SourceDate "2017.10.13"]
[SourceVersion "1"]
[SourceVersionDate "2017.10.13"]
[SourceQuality "1"]
[WhiteTeam "Deizisau (W)"]
[BlackTeam "Bad Koenigshofen (W)"]
[WhiteTeamCountry "GER"]
[BlackTeamCountry "GER"]

1. d4 Nf6 2. c4 g6 3. Nc3 Bg7 4. e4 d6 5. Bd3 0-0 6. Nge2 e5 7. d5 c6 8. 0-0 a5 9. a3 Bd7 10. Rb1 Na6 11. h3 Nc5 12. Bc2 cxd5 13. cxd5 a4 14. Bg5 Re8 15. Kh1 h6 16. Be3 Qa5 17. Qd2 Kh7 18. Rbe1 b5 19. f4 b4 20. axb4 Qxb4 21. fxe5 dxe5 22. Ng3 Rec8 23. Rb1 Nb3 24. Bxb3 Qxb3 25. Nge2 Qc4 26. Ra1 Be8 27. Qc2 Qb4 28. Rf2 Rc4 29. Bd2 Qb6 30. Rf3 Nxe4 31. Be3 Qc7 32. Qd1 Nxc3 33. Nxc3 e4 34. d6 Qd8 35. Rf4 f5 36. Qd5 Rc6 37. Rd1 Bd7 38. Nxe4 fxe4 39. Rf7 Be8 40. Rxg7+ Kxg7 41. Bd4+ Kh7 42. Qe5 1-0

[Event "BL 1314 (Women)"]
[Site "Germany"]
[Date "2013.11.30"]
[Round "3.4"]
[White "Kryger, Oksana"]
[Black "Misanovic, Vesna"]
[Result "1/2-1/2"]
[WhiteElo "2132"]
[BlackElo "2335"]
[PlyCount "71"]
[EventDate "2013.10.04"]
[EventType "team-tourn"]
[EventRounds "11"]
[EventCountry "GER"]
[SourceTitle "EXT 2018"]
[Source "ChessBase"]
[SourceDate "2017.10.13"]
[SourceVersion "1"]
[SourceVersionDate "2017.10.13"]
[SourceQuality "1"]
[WhiteTeam "Muelheim Nord (W)"]
[BlackTeam "Deizisau (W)"]
[WhiteTeamCountry "GER"]
[BlackTeamCountry "GER"]

1. d4 d5 2. c4 c6 3. cxd5 cxd5 4. Nc3 Nc6 5. Nf3 Nf6 6. Bf4 e6 7. e3 a6 8. Rc1 Bd7 9. Bd3 Be7 10. h3 Qa5 11. 0-0 b5 12. a3 b4 13. axb4 Qxb4 14. Qe2 Qb7 15. Ne5 Nb4 16. Nxd7 Nxd7 17. Bb1 0-0 18. e4 Rfe8 19. exd5 exd5 20. Rfe1 Rac8 21. Qf3 Bf6 22. Rxe8+ Rxe8 23. Be3 Nf8 24. Qf5 a5 25. Ne2 Qa6 26. Nf4 g6 27. Qg4 Bg7 28. Qd1 a4 29. Nd3 Nxd3 30. Bxd3 Qa7 31. Ra1 Ra8 32. Bb5 Qb6 33. Bxa4 Qxb2 34. Rb1 Qc3 35. Rc1 Qa3 36. Bc6 1/2-1/2

[Event "Oberliga Wuerttemberg 1314"]
[Site "Wuerttemberg"]
[Date "2013.11.10"]
[Round "2.2"]
[White "Weiss, Andreas"]
[Black "Misanovic, Vesna"]
[Result "1-0"]
[WhiteElo "2140"]
[BlackElo "2253"]
[PlyCount "69"]
[EventDate "2013.10.13"]
[EventType "team-tourn"]
[EventRounds "9"]
[EventCountry "GER"]
[SourceTitle "EXT 2019"]
[Source "ChessBase"]
[SourceDate "2018.10.10"]
[SourceVersion "1"]
[SourceVersionDate "2018.10.10"]
[SourceQuality "1"]
[WhiteTeam "Schwaebisch Gmuend"]
[BlackTeam "Deizisau"]
[WhiteTeamCountry "GER"]
[BlackTeamCountry "GER"]

1. e4 e5 2. Nf3 Nc6 3. Bb5 Bc5 4. 0-0 Nge7 5. c3 Bb6 6. d4 exd4 7. cxd4 d5 8. exd5 Nxd5 9. Re1+ Be6 10. Bg5 Qd6 11. Nbd2 0-0 12. Nc4 Qb4 13. a4 a6 14. Bxc6 bxc6 15. Rc1 Bg4 16. Bd2 Bxf3 17. gxf3 Nc3 18. Nxb6 cxb6 19. Bxc3 Qd6 20. Qe2 h6 21. Qe5 Rfd8 22. Qxd6 Rxd6 23. Re4 Rad8 24. Kg2 Rd5 25. f4 Kh7 26. Kf3 Rh5 27. Re5 g5 28. fxg5 hxg5 29. h4 Rxh4 30. Rxg5 Rd6 31. Rcg1 Rf6+ 32. Ke3 Rg6 33. Rxg6 fxg6 34. Rg5 Kg7 35. a5 1-0

[Event "Oberliga Wuerttemberg 1314"]
[Site "Wuerttemberg"]
[Date "2013.10.13"]
[Round "1.2"]
[White "Misanovic, Vesna"]
[Black "Stiepan, Hans Michael"]
[Result "1-0"]
[WhiteElo "2253"]
[BlackElo "2102"]
[PlyCount "65"]
[EventDate "2013.10.13"]
[EventType "team-tourn"]
[EventRounds "9"]
[EventCountry "GER"]
[SourceTitle "EXT 2019"]
[Source "ChessBase"]
[SourceDate "2018.10.10"]
[SourceVersion "1"]
[SourceVersionDate "2018.10.10"]
[SourceQuality "1"]
[WhiteTeam "Deizisau"]
[BlackTeam "Jedesheim"]
[WhiteTeamCountry "GER"]
[BlackTeamCountry "GER"]

1. d4 e6 2. Nf3 Nf6 3. e3 c5 4. c3 Nc6 5. Bd3 d5 6. Nbd2 Bd6 7. Qe2 Qc7 8. h3 0-0 9. 0-0 Bd7 10. dxc5 Bxc5 11. e4 Ne5 12. Nxe5 Qxe5 13. Nf3 Qh5 14. e5 Ne4 15. Bxe4 dxe4 16. Qxe4 Bc6 17. Qg4 Qxg4 18. hxg4 Rfd8 19. Bg5 Rd5 20. c4 Rd3 21. Rad1 Rxd1 22. Rxd1 h6 23. Bf4 g5 24. Be3 Be7 25. Kf1 f5 26. exf6 Bxf6 27. Rd2 Kf7 28. Ke2 Rc8 29. b3 a5 30. a4 Rh8 31. Bb6 Bc3 32. Rd3 Bb4 33. Ne5+ 1-0

[Event "BL 1213 (Women)"]
[Site "Germany"]
[Date "2012.12.02"]
[Round "4.2"]
[White "Hoolt, Sarah"]
[Black "Misanovic, Vesna"]
[Result "1/2-1/2"]
[WhiteElo "2308"]
[BlackElo "2326"]
[PlyCount "159"]
[EventDate "2012.10.06"]
[EventType "team-tourn"]
[EventRounds "11"]
[EventCountry "GER"]
[SourceTitle "EXT 2014"]
[Source "ChessBase"]
[SourceDate "2013.11.20"]
[SourceVersion "1"]
[SourceVersionDate "2013.11.20"]
[SourceQuality "1"]
[WhiteTeam "Hamburger SK (W)"]
[BlackTeam "Deizisau (W)"]
[WhiteTeamCountry "GER"]
[BlackTeamCountry "GER"]

1. e4 e5 2. Nf3 Nc6 3. Bc4 Nf6 4. d3 Be7 5. Bb3 0-0 6. 0-0 d5 7. Nbd2 Bg4 8. c3 Qd7 9. h3 Bh5 10. Qe2 Rfe8 11. Rd1 b5 12. Nf1 a5 13. Ng3 a4 14. Bxd5 Bxf3 15. Qxf3 Nxd5 16. exd5 Na5 17. Nf5 Bf8 18. c4 bxc4 19. dxc4 Nxc4 20. Qg4 Kh8 21. Qxc4 Qxf5 22. Qxc7 Rec8 23. Qb7 Rab8 24. Qa6 Rc2 25. Be3 Rbxb2 26. Qa8 Kg8 27. d6 Qd7 28. Rd5 h6 29. Rad1 Rc8 30. Qa6 Rxa2 31. Bc5 Rc2 32. Qa5 f6 33. Bb4 Kh8 34. R5d2 R2c4 35. Ra2 R8c6 36. Rad2 Rc8 37. Ra2 R8c6 38. Rad2 Rc8 39. Rd5 Rc2 40. Rc5 R2xc5 41. Bxc5 Kg8 42. Bb6 Rc6 43. Bc7 Kh7 44. Kh2 Bxd6 45. Bxd6 Rxd6 46. Rxd6 Qxd6 47. Qxa4 e4+ 48. Kg1 Qd5 49. Qc2 f5 50. h4 Kg6 51. g3 Qd3 52. Qc8 Qd1+ 53. Kh2 Qd4 54. Qe8+ Kf6 55. Kg2 Qd5 56. Kh2 Qc5 57. Kg2 Qd6 58. h5 Qe7 59. Qc6+ Qe6 60. Qc3+ Kf7 61. Qc7+ Kf8 62. Qb8+ Ke7 63. Qc7+ Kf6 64. Qc3+ Qe5 65. Qc6+ Ke7 66. Qb7+ Kd6 67. Qb8+ Kd5 68. Qb5+ Ke6 69. Qc6+ Kf7 70. Qc4+ Qe6 71. Qc7+ Qe7 72. Qc4+ Kf6 73. Qc6+ Qe6 74. Qc3+ Kf7 75. Qc7+ Kg8 76. Qb8+ Kh7 77. Qf4 Qf6 78. g4 fxg4 79. Qxe4+ Kg8 80. Qxg4 1/2-1/2

[Event "Oberliga Wuerttemberg 0910"]
[Site "Wuerttemberg"]
[Date "2010.03.21"]
[Round "8.2"]
[White "Misanovic, Vesna"]
[Black "Kessler, Dietmar"]
[Result "1/2-1/2"]
[WhiteElo "2275"]
[BlackElo "2202"]
[PlyCount "83"]
[EventDate "2009.10.11"]
[EventType "team-tourn"]
[EventRounds "9"]
[EventCountry "GER"]
[SourceTitle "EXT 2019"]
[Source "ChessBase"]
[SourceDate "2018.10.10"]
[SourceVersion "1"]
[SourceVersionDate "2018.10.10"]
[SourceQuality "1"]
[WhiteTeam "Deizisau"]
[BlackTeam "Ebersbach"]
[WhiteTeamCountry "GER"]
[BlackTeamCountry "GER"]

1. d4 g6 2. c4 Bg7 3. Nc3 d6 4. e4 c6 5. Be2 Qb6 6. Nf3 Bg4 7. Na4 Qc7 8. Ng1 Bxe2 9. Nxe2 Nf6 10. f3 0-0 11. Be3 b5 12. cxb5 cxb5 13. Nac3 b4 14. Nb1 Rc8 15. Nd2 Nc6 16. Kf2 Qb7 17. h4 h5 18. Rc1 Qb5 19. Qc2 a5 20. a4 bxa3 21. bxa3 a4 22. d5 Ne5 23. Qxc8+ Rxc8 24. Rxc8+ Kh7 25. Rb1 Qd3 26. Bf4 Nfd7 27. Rb7 Qxa3 28. Kg3 Bf6 29. Rc3 Qa2 30. Rb1 Nc4 31. Rxc4 Be5 32. Bxe5 Qxd2 33. Bc3 Qxe2 34. Rc8 Nf6 35. Rbb8 Nxe4+ 36. fxe4 Qe3+ 37. Kh2 Qf4+ 38. Kg1 Qc1+ 39. Kf2 Qf4+ 40. Kg1 Qc1+ 41. Kf2 Qf4+ 42. Kg1 1/2-1/2

[Event "CRO-chT (Women)"]
[Site "Rabac"]
[Date "2003.09.08"]
[Round "2"]
[White "Misanovic, Vesna"]
[Black "Medic, Mirjana"]
[Result "0-1"]
[WhiteElo "2342"]
[BlackElo "2271"]
[PlyCount "74"]
[EventDate "2003.09.07"]
[EventType "team"]
[EventRounds "9"]
[EventCountry "CRO"]
[SourceTitle "CBM 096 Extra"]
[Source "ChessBase"]
[SourceDate "2003.10.22"]
[SourceVersion "2"]
[SourceVersionDate "2003.10.20"]
[SourceQuality "1"]

1. e4 e6 2. d4 d5 3. exd5 exd5 4. Nf3 Nc6 5. Bb5 Bd6 6. 0-0 a6 7. Bxc6+ bxc6 8. Ne5 Qf6 9. Re1 Ne7 10. Nd2 0-0 11. Ndf3 h6 12. c4 dxc4 13. Nxc4 Be6 14. b3 Bb4 15. Bd2 c5 16. Bxb4 cxb4 17. Qd2 Nd5 18. Nfe5 a5 19. a3 Nc3 20. Rac1 Rfd8 21. Qe3 Ra6 22. Ra1 Nb5 23. axb4 Bxc4 24. bxc4 Nxd4 25. Rxa5 Rxa5 26. Ng4 Qh4 27. bxa5 Qxg4 28. h3 Qg6 29. Qe7 Ra8 30. Rd1 Ne6 31. Qa3 Ra6 32. Rd7 c5 33. Rb7 Qe4 34. Rb8+ Kh7 35. Qc3 Nd4 36. Kh1 Rg6 37. f3 Qe2 0-1

[Event "CRO-chT (Women)"]
[Site "Rabac"]
[Date "2003.09.07"]
[Round "1"]
[White "Kaps, Darja"]
[Black "Misanovic, Vesna"]
[Result "0-1"]
[WhiteElo "2237"]
[BlackElo "2342"]
[PlyCount "80"]
[EventDate "2003.09.07"]
[EventType "team"]
[EventRounds "9"]
[EventCountry "CRO"]
[SourceTitle "CBM 096 Extra"]
[Source "ChessBase"]
[SourceDate "2003.10.22"]
[SourceVersion "2"]
[SourceVersionDate "2003.10.20"]
[SourceQuality "1"]

1. e4 e5 2. Nf3 Nc6 3. Bc4 Nf6 4. Ng5 d5 5. exd5 Na5 6. Bb5+ c6 7. dxc6 bxc6 8. Be2 h6 9. Nh3 Bc5 10. Nc3 0-0 11. d3 Rb8 12. 0-0 Qe7 13. a3 Rd8 14. Qe1 Nb7 15. Kh1 Bf5 16. Bf3 Nd5 17. Ne4 Bb6 18. Ng1 Bg6 19. Ne2 f5 20. N4c3 Rd6 21. Bd2 Re8 22. Ng3 Qf7 23. Qd1 Nf6 24. Na4 f4 25. Ne2 e4 26. Nxf4 exf3 27. Qxf3 Nd5 28. Nxb6 axb6 29. Qg3 Nxf4 30. Bxf4 Rf6 31. Be3 c5 32. Rae1 Nd6 33. Bd2 Rxe1 34. Bxe1 Re6 35. b4 c4 36. a4 Qe8 37. Bc3 Qxa4 38. dxc4 Qxc2 39. Ra1 Ne4 40. Qb8+ Re8 0-1

[Event "CRO Cup"]
[Site "Rabac"]
[Date "2003.05.27"]
[Round "2"]
[White "Grobelsek, Ana"]
[Black "Misanovic, Vesna"]
[Result "0-1"]
[WhiteElo "2054"]
[BlackElo "2328"]
[PlyCount "120"]
[EventDate "2003.05.26"]
[EventType "team"]
[EventRounds "5"]
[EventCountry "CRO"]
[SourceTitle "EXT 2005"]
[Source "ChessBase"]
[SourceDate "2004.11.15"]
[SourceVersion "1"]
[SourceVersionDate "2004.11.15"]
[SourceQuality "1"]

1. e4 c6 2. d4 g6 3. Nc3 d5 4. e5 Bg7 5. f4 h5 6. Nf3 Bg4 7. h3 Bxf3 8. Qxf3 e6 9. Be3 h4 10. Bd3 Ne7 11. 0-0-0 Nd7 12. Kb1 Qa5 13. Ne2 Nf5 14. g4 hxg3 15. Nxg3 Nh4 16. Qg4 Bf8 17. Rhf1 0-0-0 18. Ne2 Kb8 19. Nc1 Nf5 20. Bd2 Qc7 21. Nb3 Be7 22. Qf3 Rh5 23. Ba5 b6 24. Be1 Rdh8 25. Rh1 b5 26. Rc1 Qb6 27. Ba5 Qb7 28. c3 Qc8 29. Bb4 Bd8 30. Rh2 Bc7 31. Na5 Bxa5 32. Bxa5 Qa6 33. Bb4 Qb6 34. b3 Ka8 35. Bxf5 Rxf5 36. h4 Qd8 37. Qf2 Rfh5 38. c4 Rxh4 39. Rxh4 Qxh4 40. Qc2 bxc4 41. bxc4 Rc8 42. cxd5 exd5 43. Qa4 Nb6 44. Qa6 Qxf4 45. Rf1 Qxd4 46. Bd6 Qc4 47. Qxc4 Nxc4 48. Rxf7 Nxd6 49. exd6 Rd8 50. Rf6 g5 51. d7 Kb7 52. Rg6 Rxd7 53. Rxg5 Kb6 54. Kc2 c5 55. Kc3 Kb5 56. Rg4 d4+ 57. Kc2 Kb4 58. Rg1 c4 59. Rb1+ Kc5 60. Rb8 d3+ 0-1